000 00857nam a22002532 4500
001 36025
003 BD-RjUL
005 20211209052423.0
008 140615s1932 enk 000 0 eng
035 _a(BD-RjUL)36122
_aOCLC ocm05839469 from D961019M
040 _aDLC
_cBUF
_dBD-RjUL
_beng
041 _aeng
082 _a330.942
_bSEW 1932
100 1 _aSellon, Hugh.
_9109675
245 1 0 _aWhither, England? :
_bthe letters of a Conservative /
_cby Hugh Sellon. With an introduction by the Right Honourable Walter Elliot, M. P.
260 _aLondon :
_bP. Davies,
_c1932.
300 _aix, 314 p. ;
_c21 cm.
650 0 _aPolitical parties
_zGreat Britain.
_96869
651 0 _aGreat Britain
_xEconomic policy.
_9109676
651 0 _aGreat Britain
_xEconomic conditions
_y1918-1945.
_96070
942 _2ddc
_cBK
999 _c36025
_d36025